Philosophie - Les 7 sages de l'Antiquité - Statistiques

Statistiques générales
  • Ce quiz a été pris 18 fois
  • Le résultat moyen est 2 sur 7
Statistiques - réponses
ANSWER % Correct
Thalès de Milet
86%
Solon d'Athènes
43%
Bias de Priène
14%
Chilon de Sparte
14%
Cléobule de Lindos
14%
Périandre de Corinthe
14%
Pittacos de Mytilène
0%
Aucun quiz correspondant
Distribution des résultats
% des personnes avec chaque résultat
Percentile par nombre de réponses
Votre historique - résultats
Vous n’avez pas pris ce quiz